| 000 | 00488nam a2200181Ia 4500 | ||
|---|---|---|---|
| 001 | 18024 | ||
| 005 | 20260306171600.0 | ||
| 008 | 260306s9999||||xx |||||||||||||| ||und|| | ||
| 041 | _aESP | ||
| 082 |
_a658.3145 _bT63 |
||
| 100 |
_aTjosvold, Dean _eAUT |
||
| 245 | 0 |
_aEl conflicto positivo en la organización: _bcómo estimular la diversidad y crear unidad |
|
| 260 | _c1993 | ||
| 300 |
_axiv, 194 páginas : _c21 cm. |
||
| 650 | _aGEN | ||
| 654 | _aCAN | ||
| 942 |
_cLIB _dJUS _fJUS _2ddc _n |
||
| 999 |
_c18024 _d18024 |
||